[Event "4NCL 2017-18"]
[Site "England ENG"]
[Date "2018.02.11"]
[Round "6.66"]
[White "Bates, Richard A"]
[Black "Suarez Real, Alberto"]
[Result "1/2-1/2"]
[WhiteTitle "IM"]
[BlackTitle "IM"]
[WhiteElo "2371"]
[BlackElo "2434"]
[WhiteTeam "Blackthorne Russia"]
[BlackTeam "Guildford"]
[WhiteFideId "403555"]
[BlackFideId "2218534"]
[EventDate "2017.11.11"]

1. d4 Nf6 2. Nf3 g6 3. g3 Bg7 4. Bg2 c5 5. c4 cxd4 6. Nxd4 O-O 7. O-O Nc6 8. Nc3
Nxd4 9. Qxd4 d6 10. Qh4 Be6 11. Nd5 Nxd5 12. cxd5 Bd7 13. Bg5 Re8 14. Qb4 Qb6
15. Qd2 Rac8 16. Be3 Qa6 17. Be4 Qc4 18. f3 a5 19. b3 Qb4 20. Rac1 Bc3 21. Qd1
Bb2 22. Rc2 Rxc2 23. Qxc2 Bd4 24. Qd3 Bxe3+ 25. Qxe3 Rc8 26. Bd3 Qc5 27. Kf2 Kf8
28. Qxc5 Rxc5 29. e4 Rc3 30. Rd1 Ke8 31. Ke2 b5 32. Kd2 b4 33. Rc1 Rxc1 34. Kxc1
Kd8 35. Kd2 Kc7 36. Ke3 Kb6 37. Kd4 h6 38. f4 f6 39. h4 Bg4 40. Bf1 Bd1 41. Bd3
Bg4 42. Bf1 Bf3 43. Bc4 Bd1 44. Bd3 a4 45. bxa4 Ka5 46. Bb5 Bc2 47. Bd3 Bd1 48.
Bb5 Bc2 49. Bd3 Bd1 1/2-1/2

[Event "4NCL 2017-18"]
[Site "England ENG"]
[Date "2018.02.11"]
[Round "6.67"]
[White "Wadsworth, Matthew J"]
[Black "Duncan, Chris R"]
[Result "1-0"]
[WhiteTitle "FM"]
[BlackTitle "FM"]
[WhiteElo "2354"]
[BlackElo "2229"]
[WhiteTeam "Guildford"]
[BlackTeam "Blackthorne Russia"]
[WhiteFideId "415804"]
[BlackFideId "403091"]
[EventDate "2017.11.11"]

1. c4 c6 2. g3 d5 3. Nf3 Nf6 4. Bg2 Bf5 5. cxd5 cxd5 6. Qb3 Qb6 7. Qxb6 axb6 8.
Nc3 Nc6 9. d3 e6 10. O-O Bc5 11. Bf4 h6 12. Nb5 Kd7 13. h3 Rhc8 14. Rfc1 Bg6 15.
a3 Nh5 16. Ne5+ Nxe5 17. Bxe5 f6 18. Bd4 Ra5 19. Bxc5 bxc5 20. a4 f5 21. e4 fxe4
22. dxe4 Bxe4 23. Bxe4 dxe4 24. Kg2 Nf6 25. Rc4 Raa8 26. Nc3 Rc6 27. Re1 Ke7 28.
Nxe4 Nxe4 29. Rexe4 Rd8 30. Rc2 Rd5 31. Rg4 Kf6 32. Rc3 Rb6 33. b3 Rc6 34. Rf4+
Rf5 35. Rfc4 Ke7 36. h4 h5 37. Re3 Rd6 38. Rce4 b6 39. Re2 Rd3 40. Rxe6+ Kf7 41.
Rxb6 Rff3 42. Re5 Rxb3 43. Rxb3 Rxb3 44. Rxc5 Ra3 45. a5 g6 46. f4 Kf6 47. Rg5
Kf7 48. f5 gxf5 49. Rxf5+ Kg6 50. Rg5+ Kh6 51. Kf2 Rb3 52. Ke2 1-0

[Event "4NCL 2017-18"]
[Site "England ENG"]
[Date "2018.02.11"]
[Round "6.68"]
[White "Ledger, Dave J"]
[Black "Ciuksyte, Dagne"]
[Result "1/2-1/2"]
[WhiteTitle "FM"]
[BlackTitle "IM"]
[WhiteElo "2182"]
[BlackElo "2308"]
[WhiteTeam "Blackthorne Russia"]
[BlackTeam "Guildford"]
[WhiteFideId "401986"]
[BlackFideId "12800619"]
[EventDate "2017.11.11"]

1. e4 c5 2. Nf3 e6 3. d4 cxd4 4. Nxd4 a6 5. c4 Nf6 6. Nc3 Qc7 7. a3 b6 8. Be3
Bb7 9. f3 Be7 10. Rc1 d6 11. Be2 O-O 12. O-O Nbd7 13. b4 Rac8 14. Qd2 Rfe8 15.
Rfd1 Qb8 16. Nb3 Rcd8 17. Bf1 Ba8 18. Kh1 Rc8 19. Qf2 Bd8 20. c5 bxc5 21. Bxa6
Rc6 22. Bb5 Rb6 23. Bxd7 Nxd7 24. Nxc5 Nxc5 25. bxc5 dxc5 26. Bxc5 Rb2 27. Rb1
Rxb1 28. Rxb1 Qc8 29. Nb5 Bc7 30. a4 Bc6 31. Bb6 Bb8 32. Qc5 Qd7 33. a5 Bb7 34.
Qd4 Qc6 35. e5 Qc2 36. Re1 f6 37. exf6 Bxf3 38. f7+ Kxf7 39. Rg1 Bc6 40. Nd6+
Bxd6 41. Qxd6 Kg8 42. a6 Bd5 43. Bd4 Bxg2+ 44. Rxg2 Qd1+ 45. Rg1 Qf3+ 1/2-1/2

[Event "4NCL 2017-18"]
[Site "England ENG"]
[Date "2018.02.11"]
[Round "6.71"]
[White "Bisby, Daniel L"]
[Black "Turner, Matthew J"]
[Result "1/2-1/2"]
[WhiteTitle "FM"]
[BlackTitle "GM"]
[WhiteElo "2322"]
[BlackElo "2529"]
[WhiteTeam "Cambridge University"]
[BlackTeam "Barbican 4NCL"]
[WhiteFideId "404586"]
[BlackFideId "402893"]
[EventDate "2017.11.11"]

1. e4 e5 2. Nf3 Nc6 3. Bb5 a6 4. Ba4 Nf6 5. Bxc6 dxc6 6. d3 Nd7 7. Nbd2 Be7 8.
Nc4 Bf6 9. Bd2 O-O 10. Qe2 Re8 11. Bc3 c5 12. h3 b5 13. Ne3 Nb8 14. a4 Bb7 15.
axb5 axb5 16. Rxa8 Bxa8 17. O-O Nc6 18. Ra1 Bb7 1/2-1/2

[Event "4NCL 2017-18"]
[Site "England ENG"]
[Date "2018.02.11"]
[Round "6.72"]
[White "Sowray, Peter J"]
[Black "Murphy, Conor E"]
[Result "1-0"]
[WhiteTitle "FM"]
[BlackTitle "FM"]
[WhiteElo "2365"]
[BlackElo "2336"]
[WhiteTeam "Barbican 4NCL"]
[BlackTeam "Cambridge University"]
[WhiteFideId "400971"]
[BlackFideId "421669"]
[EventDate "2017.11.11"]

1. d4 Nf6 2. c4 e6 3. Nc3 Bb4 4. e3 O-O 5. Ne2 c6 6. a3 Ba5 7. Qc2 d5 8. Ng3
Nbd7 9. Be2 dxc4 10. Bxc4 e5 11. O-O exd4 12. exd4 Bc7 13. Re1 Nb6 14. Ba2 Nfd5
15. Nce4 Nf4 16. Bxf4 Bxf4 17. Rad1 Nd5 18. Nc5 Bg4 19. f3 Bc8 20. Qe4 Qg5 21.
Nf1 Bh3 22. Qc2 Ne3 23. Nxe3 Bxe3+ 24. Kh1 b6 25. Ne4 Bf5 26. Qd3 Bxe4 27. fxe4
Bf4 28. e5 Qh5 29. g3 Bh6 30. Rf1 c5 31. Rf5 Qg4 32. Rdf1 Qxd4 33. Qxd4 cxd4 34.
Bxf7+ Kh8 35. e6 g6 36. Rd5 Rae8 37. Kg2 Re7 38. Rxd4 Rc8 39. Rd7 Rxd7 40. exd7
Rc2+ 41. Kh3 Rd2 42. Be6 Bg5 43. Kg4 Be7 44. Rf7 h5+ 45. Kf3 Bg5 46. h4 Bh6 47.
Re7 1-0

[Event "4NCL 2017-18"]
[Site "England ENG"]
[Date "2018.02.11"]
[Round "6.73"]
[White "Kalavannan, Koby"]
[Black "Jackson, James P"]
[Result "0-1"]
[BlackTitle "FM"]
[WhiteElo "2277"]
[BlackElo "2364"]
[WhiteTeam "Cambridge University"]
[BlackTeam "Barbican 4NCL"]
[WhiteFideId "425753"]
[BlackFideId "416860"]
[EventDate "2017.11.11"]

1. d4 d5 2. Nf3 Nf6 3. c4 e6 4. g3 dxc4 5. Qa4+ Nbd7 6. Bg2 a6 7. Qxc4 b5 8. Qc6
Ra7 9. Bf4 Bb7 10. Qc2 c5 11. dxc5 Bxc5 12. O-O O-O 13. Nc3 Qa8 14. Rad1 Rc8 15.
Qd2 Nb6 16. Be5 Nc4 17. Qf4 Nxe5 18. Qxe5 Be7 19. a3 Bc6 20. Ne1 Nd7 21. Qe3
Bxg2 22. Nxg2 Bf6 23. Ne4 Bxb2 24. Nd6 Rf8 25. f4 Rc7 26. Qb3 Bf6 27. e4 Rc3 28.
Qa2 Qc6 29. Rf2 Bd8 30. Rfd2 Bb6+ 31. Kh1 Nf6 32. Nxf7 Rc1 33. Ne5 Qc8 34. Ne1
Rxd1 35. Rxd1 Nxe4 36. Rd7 Re8 37. Qe2 Nf6 38. Rd6 Qc5 39. Rxb6 Qxb6 40. N1f3
Rc8 41. Ng5 h6 42. Ngf3 Nd5 43. Qe4 Qf2 44. Nd3 Qe3 0-1

[Event "4NCL 2017-18"]
[Site "England ENG"]
[Date "2018.02.11"]
[Round "6.74"]
[White "Griffiths, Ryan Rhys"]
[Black "Ross, Chris N"]
[Result "1/2-1/2"]
[WhiteTitle "FM"]
[BlackTitle "CM"]
[WhiteElo "2353"]
[BlackElo "2203"]
[WhiteTeam "Barbican 4NCL"]
[BlackTeam "Cambridge University"]
[WhiteFideId "2502054"]
[BlackFideId "410411"]
[EventDate "2017.11.11"]

1. d4 Nf6 2. c4 g6 3. Nc3 Bg7 4. e4 d6 5. h3 O-O 6. Bg5 c5 7. d5 Qb6 8. Qc2 e6
9. Bd3 exd5 10. exd5 Re8+ 11. Nge2 Nbd7 12. f4 Nf8 13. O-O h6 14. Bh4 Bd7 15. a3
Qc7 16. Rab1 b6 17. Qd2 N8h7 18. Kh1 a6 19. b4 Rab8 20. Bf2 Kh8 21. b5 a5 22.
Ng3 Rg8 23. Rbe1 Rbe8 24. Rxe8 Bxe8 25. Re1 Nd7 26. f5 Qd8 27. fxg6 fxg6 28.
Nge4 Ne5 29. Bg3 g5 30. Nf2 Nf8 31. Ng4 Nfd7 32. Ne4 Nxg4 33. hxg4 Ne5 34. Nf2
Rf8 35. Qc2 Bd7 36. Be2 Be8 1/2-1/2

[Event "4NCL 2017-18"]
[Site "England ENG"]
[Date "2018.02.11"]
[Round "6.75"]
[White "Hill, Alistair"]
[Black "Dorrington, Chris J"]
[Result "0-1"]
[WhiteElo "2197"]
[BlackElo "2308"]
[WhiteTeam "Cambridge University"]
[BlackTeam "Barbican 4NCL"]
[WhiteFideId "432407"]
[BlackFideId "410462"]
[EventDate "2017.11.11"]

1. e4 c5 2. Nf3 e6 3. d4 cxd4 4. Nxd4 Nf6 5. Nc3 d6 6. g4 Nc6 7. g5 Nd7 8. Be3
a6 9. h4 Qc7 10. f4 b5 11. a3 Nc5 12. Qf3 b4 13. axb4 Nxb4 14. Rh2 Bb7 15. Bh3
d5 16. exd5 Nxd5 17. Nxd5 Bxd5 18. Qe2 Rb8 19. Bg2 Bxg2 20. Qxg2 Rxb2 21. Nb3
Nxb3 22. Qa8+ Kd7 23. Rd1+ Bd6 24. Qxh8 Qc3+ 25. Bd2 Nxd2 26. Rhxd2 Rxc2 27. Ke2
Qc4+ 28. Kf2 Qxf4+ 29. Ke2 Qe4+ 30. Kf2 Qxh4+ 31. Ke2 Qe4+ 32. Kf2 Kc7 33. Qxg7
Bc5+ 34. Kf1 Qf3+ 35. Ke1 Bf2+ 36. Rxf2 Qxf2# 0-1

[Event "4NCL 2017-18"]
[Site "England ENG"]
[Date "2018.02.11"]
[Round "6.76"]
[White "Franklin, Samuel G A"]
[Black "Spencer, Carl J"]
[Result "1-0"]
[WhiteTitle "FM"]
[WhiteElo "2316"]
[BlackElo "2152"]
[WhiteTeam "Barbican 4NCL"]
[BlackTeam "Cambridge University"]
[WhiteFideId "468576"]
[BlackFideId "412171"]
[EventDate "2017.11.11"]

1. e4 e6 2. d4 d5 3. Nc3 Nf6 4. e5 Nfd7 5. f4 c5 6. Nf3 Nc6 7. Be3 cxd4 8. Nxd4
Bc5 9. Qd2 a6 10. O-O-O O-O 11. Kb1 Nxd4 12. Bxd4 b5 13. h4 b4 14. Na4 Bxd4 15.
Qxd4 Qa5 16. b3 Bb7 17. h5 Bc6 18. h6 g6 19. Nb2 Bb5 20. Bd3 Rfc8 21. f5 Bxd3
22. Nxd3 Qc7 23. Rc1 a5 24. Rhf1 a4 25. Qxb4 exf5 26. g4 Qa7 27. Qd2 axb3 28.
cxb3 Rxc1+ 29. Rxc1 fxg4 30. Nf4 Nc5 31. Qb2 d4 32. Rd1 Ne6 33. Nxe6 fxe6 34.
Rxd4 g3 35. Qd2 Qa5 36. Qxa5 Rxa5 37. Rg4 Rxe5 38. Rxg3 Kf7 39. a4 Ke7 40. Kc2
Rh5 41. b4 Kd6 42. Rc3 Rh2+ 43. Kb3 Rh1 44. a5 Ra1 45. Kb2 Ra4 46. Kb3 Ra1 47.
Kc4 Kc6 48. b5+ Kb7 49. Kc5 Rxa5 50. Rf3 Ra1 51. Rf7+ Kc8 52. Rxh7 Rh1 53. Kc6
Rc1+ 54. Kd6 Rb1 55. Rg7 Rxb5 56. h7 1-0

[Event "4NCL 2017-18"]
[Site "England ENG"]
[Date "2018.02.11"]
[Round "6.77"]
[White "Robertson, J Stuart"]
[Black "Taylor, Martin R"]
[Result "0-1"]
[BlackTitle "FM"]
[WhiteElo "2120"]
[BlackElo "2348"]
[WhiteTeam "Cambridge University"]
[BlackTeam "Barbican 4NCL"]
[WhiteFideId "417114"]
[BlackFideId "407836"]
[EventDate "2017.11.11"]

1. d4 d5 2. c4 c6 3. Nf3 Nf6 4. Nc3 e6 5. e3 Nbd7 6. Bd3 dxc4 7. Bxc4 b5 8. Bd3
Bb7 9. O-O a6 10. e4 c5 11. d5 c4 12. Bc2 Qc7 13. dxe6 fxe6 14. Nd4 Nc5 15. Be3
e5 16. Nf5 g6 17. Bg5 Nfxe4 18. Nxe4 Nxe4 19. Bxe4 Bxe4 20. Bf6 gxf5 21. Bxh8
Bd6 22. Bf6 Kf7 23. Bh4 Rg8 24. Qh5+ Ke6 25. f3 Bd3 26. Rfd1 Qg7 27. g4 fxg4 28.
Qxg4+ Qxg4+ 29. fxg4 Rxg4+ 30. Bg3 h5 31. Kg2 h4 32. Kf3 Kf5 33. Be1 e4+ 34. Ke3
Bc5+ 35. Kd2 Rg2+ 36. Kc1 Rc2+ 37. Kb1 Rxh2+ 38. Kc1 Rc2+ 39. Kb1 Rc3+ 40. Rxd3
Rxd3 0-1

[Event "4NCL 2017-18"]
[Site "England ENG"]
[Date "2018.02.11"]
[Round "6.78"]
[White "Lauterbach, Ingrid"]
[Black "Ivanov, Elizabeth"]
[Result "1-0"]
[WhiteTitle "WIM"]
[WhiteElo "2048"]
[BlackElo "1558"]
[WhiteTeam "Barbican 4NCL"]
[BlackTeam "Cambridge University"]
[WhiteFideId "405221"]
[BlackFideId "427284"]
[EventDate "2017.11.11"]

1. e4 e5 2. Nc3 Nc6 3. g3 d6 4. Bg2 f5 5. d3 Nf6 6. Nge2 Be7 7. O-O O-O 8. Nd5
Be6 9. c3 Qd7 10. Nxf6+ Bxf6 11. d4 exd4 12. cxd4 Bc4 13. d5 Ne5 14. f4 Nd3 15.
Qc2 Qb5 16. Nc3 Qc5+ 17. Kh1 Nb4 18. Qf2 Bd4 19. Qd2 Bxf1 20. Bxf1 fxe4 21. Nxe4
Qb6 22. Ng5 Qc5 23. Bg2 Nc2 24. Ne6 Qc4 25. b3 Qc3 26. Rb1 Qxd2 27. Bxd2 Rf7 28.
Rc1 Bb6 29. Rxc2 Re8 30. Bh3 h6 31. f5 g5 32. Bc3 c6 33. dxc6 bxc6 34. Bg4 Ree7
35. f6 Re8 36. Re2 d5 37. Bh5 1-0

[Event "4NCL 2017-18"]
[Site "England ENG"]
[Date "2018.02.11"]
[Round "6.81"]
[White "Speelman, Jon S"]
[Black "Greet, Andrew N"]
[Result "1/2-1/2"]
[WhiteTitle "GM"]
[BlackTitle "IM"]
[WhiteElo "2503"]
[BlackElo "2442"]
[WhiteTeam "Wood Green"]
[BlackTeam "Alba"]
[WhiteFideId "400033"]
[BlackFideId "405817"]
[EventDate "2017.11.11"]

1. Nf3 Nf6 2. c4 e6 3. b3 d5 4. Bb2 c5 5. e3 Nc6 6. cxd5 exd5 7. Bb5 Bd6 8. O-O
O-O 9. d4 cxd4 10. Nxd4 Bd7 11. Nd2 a6 12. Bd3 Qe7 13. Bf5 Nxd4 14. Bxd7 Qe5 15.
g3 Ne2+ 16. Qxe2 Qxb2 17. Bf5 Bb4 18. Rfd1 Ne4 19. Bxe4 dxe4 20. Kf1 Rfe8 21.
Nc4 1/2-1/2

[Event "4NCL 2017-18"]
[Site "England ENG"]
[Date "2018.02.11"]
[Round "6.82"]
[White "Sreeves, Clement"]
[Black "Houska, Jovanka"]
[Result "1-0"]
[WhiteTitle "FM"]
[BlackTitle "IM"]
[WhiteElo "2389"]
[BlackElo "2420"]
[WhiteTeam "Alba"]
[BlackTeam "Wood Green"]
[WhiteFideId "2402564"]
[BlackFideId "405094"]
[EventDate "2017.11.11"]

1. e4 c6 2. d4 d5 3. Nc3 dxe4 4. Nxe4 Nf6 5. Nxf6+ exf6 6. c3 Bd6 7. Bd3 Be6 8.
Ne2 Qc7 9. Qc2 Nd7 10. h4 g6 11. g3 O-O-O 12. Be3 Nb6 13. c4 Bb4+ 14. Kf1 Be7
15. Bf4 Qd7 16. Kg2 g5 17. Be3 Qc7 18. Rac1 Kb8 19. Qd2 h6 20. Qa5 Nd5 21. Bd2
Nb6 22. Be3 Nd5 23. Bd2 Nb6 24. b4 f5 25. Be3 Rhg8 26. hxg5 hxg5 27. f4 gxf4 28.
Nxf4 Bf6 29. d5 cxd5 30. cxd5 Qe5 31. Rhe1 Bxd5+ 32. Kf2 Rxg3 33. Kxg3 Bh4+ 34.
Kxh4 Rg8 35. Qxa7+ 1-0

[Event "4NCL 2017-18"]
[Site "England ENG"]
[Date "2018.02.11"]
[Round "6.83"]
[White "Haria, Ravi"]
[Black "Berry, Neil"]
[Result "1-0"]
[WhiteTitle "IM"]
[BlackTitle "FM"]
[WhiteElo "2435"]
[BlackElo "2265"]
[WhiteTeam "Wood Green"]
[BlackTeam "Alba"]
[WhiteFideId "415820"]
[BlackFideId "2400650"]
[EventDate "2017.11.11"]

1. Nf3 d5 2. g3 Bg4 3. Bg2 Nd7 4. O-O c6 5. d4 e6 6. c4 Ngf6 7. h3 Bh5 8. cxd5
exd5 9. Qb3 Nb6 10. Nc3 Bd6 11. Ne5 Nfd7 12. Nd3 Bg6 13. Nf4 O-O 14. Nxg6 hxg6
15. e4 dxe4 16. Nxe4 Nf6 17. Nc5 Qe7 18. Bd2 Bxc5 19. dxc5 Nbd5 20. Qc4 Rfe8 21.
b4 a6 22. a4 Qe5 23. Rfe1 Qb2 24. Red1 Qe5 25. Rac1 Ne4 26. Be1 Rad8 27. Qd4 Qf5
28. Qd3 Qe6 29. Qf3 Nef6 30. Bd2 Ne4 31. Be1 Nef6 32. Bd2 Ne4 33. Be3 Nec3 34.
Re1 Na2 35. Rb1 Nxe3 36. Rxe3 Qc4 37. Bf1 Rxe3 38. Qxe3 Qc2 39. Re1 Nxb4 40. Qe7
Rf8 41. a5 Nd3 42. Bxd3 Qxd3 43. Qxb7 Qb5 44. Rb1 Qxc5 45. Qxa6 Rd8 46. Qb6 Qxb6
47. Rxb6 Rd1+ 48. Kg2 Ra1 49. a6 c5 50. Kf3 c4 51. Ke3 g5 52. Kd4 Ra4 53. Rc6
Kh7 54. Kc5 c3 55. Kb6 Ra3 56. Rc7 Rb3+ 57. Ka5 Ra3+ 58. Kb5 f6 59. g4 Kg6 60.
Rc6 Kh7 61. Kb4 Ra1 62. Kb3 Kg6 63. Rd6 Rc1 64. a7 Ra1 65. Rd7 c2 66. Kxc2 Ra6
67. Kb3 Kh6 68. Kb4 Ra1 69. Kb5 Rb1+ 70. Kc6 Ra1 71. Kb7 Rb1+ 72. Kc8 Ra1 73.
Kb8 Rb1+ 74. Rb7 1-0

[Event "4NCL 2017-18"]
[Site "England ENG"]
[Date "2018.02.11"]
[Round "6.84"]
[White "McKay, Roderick M"]
[Black "Notkevich, Benjamin Arvola"]
[Result "0-1"]
[WhiteTitle "IM"]
[BlackTitle "IM"]
[WhiteElo "2312"]
[BlackElo "2468"]
[WhiteTeam "Alba"]
[BlackTeam "Wood Green"]
[WhiteFideId "2400049"]
[BlackFideId "1506536"]
[EventDate "2017.11.11"]

1. d4 Nf6 2. Nf3 g6 3. Bf4 Bg7 4. e3 O-O 5. Be2 b6 6. h3 c5 7. O-O Ba6 8. Bxa6
Nxa6 9. c3 cxd4 10. exd4 d6 11. a4 Nc7 12. Nbd2 a6 13. Re1 Qd7 14. Qb3 b5 15.
axb5 axb5 16. Bh2 Bh6 17. Qc2 Ncd5 18. Ne4 Nh5 19. Neg5 Rfc8 20. Rxa8 Rxa8 21.
Qe4 Nhf6 22. Qh4 Bg7 23. Be5 dxe5 24. dxe5 Nh5 25. g4 f6 26. Nxh7 Nhf4 27. Rd1
Qb7 0-1

[Event "4NCL 2017-18"]
[Site "England ENG"]
[Date "2018.02.11"]
[Round "6.85"]
[White "McDonald, Neil"]
[Black "MacQueen, Calum"]
[Result "1/2-1/2"]
[WhiteTitle "GM"]
[WhiteElo "2397"]
[BlackElo "2243"]
[WhiteTeam "Wood Green"]
[BlackTeam "Alba"]
[WhiteFideId "400629"]
[BlackFideId "2402270"]
[EventDate "2017.11.11"]

1. e4 c5 2. Nf3 Nc6 3. d4 cxd4 4. Nxd4 e5 5. Nb5 d6 6. N1c3 a6 7. Na3 Be7 8. Nc4
Nf6 9. Bg5 O-O 10. Bxf6 Bxf6 11. Nd5 Be6 12. c3 Bg5 13. h4 Bh6 14. Ncb6 Rb8 15.
g3 Ne7 16. Bg2 Nxd5 17. Nxd5 Qa5 18. Ne7+ Kh8 19. O-O Rfe8 20. Nf5 Bxf5 21. exf5
e4 22. Qe2 Rbd8 23. Rad1 d5 24. a3 Qc5 25. Rd4 g6 26. Rfd1 Bg7 27. Rb4 b5 28.
Bh3 d4 29. cxd4 Bxd4 30. Kg2 e3 31. f6 Bxf6 32. Rxd8 Bxd8 33. Bg4 Bc7 34. Bf3 f5
35. Rb3 f4 36. Rc3 Qe7 37. h5 Be5 38. Rc6 Qg5 39. Kf1 exf2 40. hxg6 hxg6 41. g4
Re7 42. Qxf2 Rc7 43. Rxc7 Bxc7 44. Qa7 Be5 45. Qxa6 Bxb2 46. a4 bxa4 47. Qxa4
Qe5 48. Qe4 Qxe4 1/2-1/2

[Event "4NCL 2017-18"]
[Site "England ENG"]
[Date "2018.02.11"]
[Round "6.86"]
[White "White, Stuart A"]
[Black "Weaving, Richard"]
[Result "0-1"]
[BlackTitle "FM"]
[WhiteElo "2150"]
[BlackElo "2333"]
[WhiteTeam "Alba"]
[BlackTeam "Wood Green"]
[WhiteFideId "407747"]
[BlackFideId "401161"]
[EventDate "2017.11.11"]

1. c4 e5 2. Nc3 Nf6 3. Nf3 Nc6 4. e3 Bb4 5. Qc2 Bxc3 6. bxc3 e4 7. Ng5 d5 8. f3
Bf5 9. cxd5 Qxd5 10. Qb3 Qxb3 11. axb3 O-O 12. fxe4 Nxe4 13. Nxe4 Bxe4 14. d3
Bg6 15. Kd2 Ne5 16. d4 Ng4 17. Bc4 Rfe8 18. Re1 Nxh2 19. Be2 h5 20. Ra5 Ng4 21.
Bf3 c6 22. e4 a6 23. Re2 Rad8 24. Rg5 Nf6 25. e5 Nh7 26. Rg3 c5 27. d5 h4 28.
Rxg6 fxg6 29. Kd3 b5 30. d6 g5 31. Bd5+ Kh8 32. Bc6 Re6 33. Bd5 Rh6 34. Be3 h3
35. gxh3 Rxh3 36. Ke4 g4 37. Rg2 Re8 38. Kf4 g5+ 39. Kxg4 Rxe3 40. e6 Nf6+ 41.
Kf5 Nxd5 0-1

[Event "4NCL 2017-18"]
[Site "England ENG"]
[Date "2018.02.11"]
[Round "6.87"]
[White "Harvey, Marcus R"]
[Black "Findlay, David John"]
[Result "1/2-1/2"]
[WhiteTitle "FM"]
[WhiteElo "2358"]
[BlackElo "2188"]
[WhiteTeam "Wood Green"]
[BlackTeam "Alba"]
[WhiteFideId "400092"]
[BlackFideId "2400278"]
[EventDate "2017.11.11"]

1. Nf3 Nf6 2. c4 e6 3. d4 d5 4. Nc3 Nbd7 5. cxd5 exd5 6. Bf4 c6 7. Qc2 Qa5 8.
Nd2 Be7 9. h3 Nf8 10. e3 Ng6 11. Bh2 Nh4 12. g3 Nf5 13. Bd3 Nd6 14. g4 Be6 15.
Nb3 Qb6 16. Nc5 Bc8 17. a3 a5 18. Bf4 h6 19. Kf1 Nc4 20. b3 Bxc5 21. bxc4 dxc4
22. dxc5 cxd3 23. Qxd3 Qxc5 24. Bd6 Qb6 25. Kg2 Qa6 26. Qd4 Be6 27. Rab1 O-O-O
28. e4 Ne8 29. e5 Nxd6 30. exd6 Kb8 31. Qxg7 Rhg8 32. Qxh6 Qc4 33. Qe3 Bxg4 34.
Kh2 Bxh3 35. Rbg1 Rh8 36. Rg5 Bg4+ 37. Kg2 Rxh1 38. Kxh1 Qf1+ 39. Kh2 Rh8+ 40.
Kg3 Rh3+ 41. Kxg4 Rxe3 42. fxe3 Qc4+ 43. Kf3 Qe6 44. Ne4 f5 45. Nc5 Qd5+ 46. Kf2
Qxd6 47. Rxf5 Qh2+ 48. Kf3 Qc2 49. Kf4 a4 50. Re5 b5 51. Na6+ Kb7 52. Nb4 Qc3
53. Re7+ Kc8 54. Ra7 c5 55. Nd5 Qxa3 56. e4 Qc1+ 57. Kf5 Kb8 58. Ra6 a3 59. Ke6
Qh6+ 60. Nf6 b4 61. e5 Kb7 62. Ra5 Qe3 63. Nd5 Qb3 64. Kd6 a2 65. e6 Qg3+ 66.
Kxc5 b3 67. e7 Qg6 68. Rb5+ Ka7 69. Ra5+ Kb7 70. Rb5+ 1/2-1/2

[Event "4NCL 2017-18"]
[Site "England ENG"]
[Date "2018.02.11"]
[Round "6.88"]
[White "Roy, Ali"]
[Black "Fitzsimons, David"]
[Result "0-1"]
[BlackTitle "FM"]
[WhiteElo "1923"]
[BlackElo "2323"]
[WhiteTeam "Alba"]
[BlackTeam "Wood Green"]
[WhiteFideId "2400456"]
[BlackFideId "2501961"]
[EventDate "2017.11.11"]

1. Nf3 d5 2. g3 c6 3. Bg2 Bg4 4. O-O e6 5. d3 Bd6 6. Nbd2 Ne7 7. h3 Bh5 8. e4
Nd7 9. Qe1 O-O 10. e5 Bc7 11. d4 Bg6 12. Qd1 f6 13. Re1 fxe5 14. Nxe5 Nxe5 15.
dxe5 Bb6 16. Nf3 Be4 17. Be3 Nf5 18. Kh2 Nxe3 19. fxe3 Bxf3 20. Bxf3 Qg5 21. Qe2
Qxe5 22. c3 Rf6 23. e4 Bc7 24. Rg1 Raf8 25. Raf1 dxe4 0-1

[Event "4NCL 2017-18"]
[Site "England ENG"]
[Date "2018.03.17"]
[Round "7.11"]
[White "Mitchell, Martin"]
[Black "Sadler, Matthew D"]
[Result "0-1"]
[BlackTitle "GM"]
[WhiteElo "2241"]
[BlackElo "2693"]
[WhiteTeam "Spirit of Atticus"]
[BlackTeam "Guildford"]
[WhiteFideId "2400634"]
[BlackFideId "400173"]
[EventDate "2017.11.11"]

1. d4 Nf6 2. c4 e6 3. Nc3 Bb4 4. e3 O-O 5. Ne2 Re8 6. a3 Bf8 7. Ng3 d5 8. Be2 b6
9. cxd5 exd5 10. b4 Bb7 11. O-O a6 12. Bf3 Nc6 13. Qb3 Ne7 14. e4 dxe4 15. Ncxe4
Nxe4 16. Nxe4 Bd5 17. Qc2 Nf5 18. Ng5 g6 19. Bxd5 Qxd5 20. Nf3 Re4 21. Rd1 Rae8
22. Qxc7 Rg4 23. Qc3 Bd6 24. g3 h5 25. Bg5 h4 26. Rac1 hxg3 27. Qc6 gxh2+ 28.
Kh1 Qe6 29. Bf6 Rf8 30. Be5 Rd8 31. Qxb6 Qe7 32. Qxa6 Kh7 33. Re1 Bxe5 34. Rxe5
Qf8 35. d5 Qh6 36. Qf6 Qxc1+ 37. Re1 Qf4 38. Qxf7+ Kh6 0-1

[Event "4NCL 2017-18"]
[Site "England ENG"]
[Date "2018.03.17"]
[Round "7.12"]
[White "Fressinet, Laurent"]
[Black "Lund, D Brett"]
[Result "1-0"]
[WhiteTitle "GM"]
[WhiteElo "2651"]
[BlackElo "2235"]
[WhiteTeam "Guildford"]
[BlackTeam "Spirit of Atticus"]
[WhiteFideId "608742"]
[BlackFideId "401242"]
[EventDate "2017.11.11"]

1. d4 c5 2. d5 e6 3. c4 exd5 4. cxd5 d6 5. Nf3 Nf6 6. e4 a6 7. Bd3 Nbd7 8. a4
Be7 9. O-O O-O 10. Nbd2 Re8 11. Re1 Bf8 12. h3 Ne5 13. Nxe5 Rxe5 14. Nc4 Re8 15.
Bf4 b6 16. Bh2 Ra7 17. Qd2 Rd7 18. b4 b5 19. Na5 c4 20. Bc2 Bb7 21. Qd4 Ba8 22.
Re3 Qc7 23. Rae1 Qa7 24. Qa1 Qb6 25. Kh1 Rde7 26. Bg1 Nh5 27. Qd1 g6 28. f4 Qc7
29. Qf3 Bh6 30. Bh2 Nf6 31. axb5 axb5 32. R3e2 Bg7 33. Bg3 Nd7 34. Bh4 Bf6 35.
Bf2 Bg7 36. Kg1 h6 37. Kf1 Kf8 38. Bh4 Bf6 39. Bxf6 Nxf6 40. Qc3 Ng8 41. Rd1 g5
42. Rf2 gxf4 43. Rxf4 Qb6 44. Qf3 Rc8 45. Rd2 Rcc7 46. Qc3 Re5 47. Rdf2 Rce7 48.
Kg1 f6 49. Kh2 Qd8 50. Qd4 Kg7 51. Bd1 Rf7 52. Bg4 Qe7 53. Bf5 Qa7 54. Qc3 Ne7
55. Qg3+ Kh8 56. Be6 Rg5 57. Qc3 Rfg7 58. Rxf6 1-0